000 00638nam a2200229 i 4500
001 C2-0119755
003 PPAK
005 20180727112135.0
008 970806s my |||| ||||| | may d
040 _aPPAK
_beng
_cPPAK
_erda
082 0 4 _a899.2301
_223
090 0 0 _a899.2301
_bNOO
_dKIH
100 0 _aNoorjaya,
_eauthor
245 1 0 _aSarjit anak rebulusi
264 1 _a[Kuala Lumpur] :
_b[Universiti Malaya] ,
_c[date of publication not identified]
300 _a13 pages ;
_c33 cm
336 _2rdacontent
_atext
337 _2rdamedia
_aunmediated
338 _2rdacarrier
_avolume
650 1 0 _aMalay fiction
942 _ddc
_cB
999 _c33310
_d33310